Normal view
MARC view
Entry Geographic Name
001 - CONTROL NUMBER
- control field: 28317
003 - CONTROL NUMBER IDENTIFIER
- control field: ARRUPE
005 - DATE AND TIME OF LATEST TRANSACTION
- control field: 20170112112135.0
008 - FIXED-LENGTH DATA ELEMENTS
- fixed length control field: 170112|| aca||aabn | a|a d
040 ## - CATALOGING SOURCE
- Original cataloging agency: ARRUPE
- Transcribing agency: ARRUPE
151 ## - HEADING--GEOGRAPHIC NAME
- Geographic name: Africa
- General subdivision: Commerce
- Form subdivision: Congresses.
670 ## - SOURCE DATA FOUND
- Source citation: Work cat.: (ARRUPE)0: SEATINI 28313, SEATINI High Level Meeting :, c2002.